Grundlagen des Operations Research 3 Spieltheorie, Dynamische Optimierung Lagerhaltung, Warteschlangentheorie Simulation, Unscharfe Entscheidungen

Gespeichert in:
Bibliographische Detailangaben
Weitere Verfasser: Gal, Tomas
Format: Buch
Sprache:Deutsch
Veröffentlicht: Berlin Springer 1987
Ausgabe:1. Aufl.
Tags: Tag hinzufügen
Keine Tags, Fügen Sie das erste Tag hinzu!

MARC

LEADER 00000nam a2200000 4500
001 c034842
005 20221219111013.2
041 0 |a ger 
044 |a DE 
245 1 0 |a Grundlagen des Operations Research 3  |b Spieltheorie, Dynamische Optimierung Lagerhaltung, Warteschlangentheorie Simulation, Unscharfe Entscheidungen  |c Edit. Tomas Gal 
250 |a 1. Aufl. 
264 1 |a Berlin  |b Springer  |c 1987 
300 |a 423 s. 
700 1 |a Gal, Tomas